|
|
|
|
| LEADER |
01354nam a2200373 a 4500 |
| 001 |
000700001 |
| 003 |
CZ BrMZK |
| 005 |
20060113113103.0 |
| 007 |
ta |
| 008 |
031211s2003 xr abf g f 000 0 cze d |
| 015 |
|
|
|a cnb001284959
|
| 020 |
|
|
|a 80-7237-624-1
|q (brož.)
|
| 035 |
|
|
|a (OCoLC)56861463
|
| 040 |
|
|
|a BOA001
|b cze
|
| 041 |
1 |
|
|a cze
|h eng
|
| 043 |
|
|
|a e-uk-en
|
| 072 |
|
7 |
|a 913(4)
|x Geografie Evropy, reálie, cestování
|2 Konspekt
|9 7
|
| 080 |
|
|
|a 913(410.1)
|2 MRF
|
| 080 |
|
|
|a (036)913
|2 MRF
|
| 100 |
1 |
|
|a Fallon, Stephen
|7 xx0021949
|4 aut
|
| 245 |
1 |
0 |
|a Londýn /
|c Steve Fallon ; [překlad z anglického vydání ... Jana Vilimovská]
|
| 250 |
|
|
|a 1. české vyd.
|
| 260 |
|
|
|a Praha :
|b Svojtka & Co.,
|c 2003
|
| 300 |
|
|
|a 330 s., [32] s. mp. příl. :
|b il. ;
|c 19 cm
|
| 490 |
1 |
|
|a Z řady průvodců Lonely Planet
|
| 504 |
|
|
|a Obsahuje bibliografii a rejstříky
|
| 655 |
|
7 |
|a turistické průvodce
|7 fd133738
|2 czenas
|
| 651 |
|
7 |
|a Londýn (Anglie)
|7 ge129867
|2 czenas
|
| 765 |
0 |
|
|t London
|9 Česky
|
| 830 |
|
0 |
|a Z řady průvodců Lonely Planet
|0 s
|
| 856 |
4 |
1 |
|u http://www.digitalniknihovna.cz/mzk/uuid/uuid:21d3b820-4967-11e4-aded-005056827e51
|y Digitalizovaný dokument
|x NDK
|
| 910 |
|
|
|a BOA001
|b 1-1128.074
|
| 990 |
|
|
|a BK
|
| 996 |
6 |
|
|b 2610208703
|c 1-1128.074
|l MZK
|r Sklad / do 1 hodiny
|n 2
|p p.v.
|w 000700001
|u 000010
|a 1
|e BOA001
|j MZK50
|s P
|